LIBRARY & INFORMATION CENTRE, KCAET, TAVANUR

ONLINE PUBLIC ACCESS CATALOGUE (OPAC)

Objective agriculture science (Record no. 14102)

MARC details
000 -LEADER
fixed length control field 00296nam a22001217a 4500
020 ## - INTERNATIONAL STANDARD BOOK NUMBER
ISBN 9788170357162
082 ## - DEWEY DECIMAL CLASSIFICATION NUMBER
Classification number 630
Item number CHA/OB
245 ## - TITLE STATEMENT
Title Objective agriculture science
260 ## - PUBLICATION, DISTRIBUTION, ETC. (IMPRINT)
Place of publication New Delhi
Name of publisher Daya Publishing House
Year of publication 2014
700 ## - ADDED ENTRY--PERSONAL NAME
Personal name Chavan, U.D
700 ## - ADDED ENTRY--PERSONAL NAME
Personal name Patil, J.V
942 ## - ADDED ENTRY ELEMENTS (KOHA)
Koha item type Books
Holdings
Withdrawn status Lost status Damaged status Collection code Home library Current library Shelving location Date acquired Cost, normal purchase price Full call number Accession Number Koha item type
        KAUAET KAUAET General Stacks 31/03/2014 460.00 630 CHA/OB 24599 Books
free website counter